02168cas a2200421 450000100090000000300060000900500170001500700030003200800410003501000310007602200170010703500240012403700100014804000830015804200140024105000150025511000760027021000310034622200400037724500410041726000680045830000220052631000380054832100290058636200160061544000620063150000650069350005190075859001030127765000340138065000480141470000520146290600450151493600320155994200300159199900170162195201080163810545037AUA.120130528122702.0t|850720c19639999miufr p 0 a0eng c a 74645601 zsc 76000812  a0003-298021 a(OCoLC)ocm01780045  b49104 aMnMULScMnMULSdMBTIdNSDPdDLCdOCoLCdAIPdNSDPdAIPdOCoLCdDLCdTNJdOCoLC ansdpapcc00aBR1b.A53a2 aAndrews University.bSeventh-Day Adventist Theological Seminary.9366460 aAndrews Univ. Semin. stud. 0aAndrews University Seminary studies10aAndrews University Seminary studies. aBerrien Springs, Mich.,bAndrews University Press.cAutumn 2009 bill.c23 cm.av.: a2 issues yearly,b aFrequency varies,b1963-0 aAutumn 2009 aAndrews University Seminary studies.vVol.47, No.2936647 a"Journal of the Seventh-Day Adventist Theological Seminary." aContents: Chiasmus in Chronicles: Investigating the structures of 2 chronicles 28:16-21;33:1-20; and 31:20-32:33; The parable of the tares and Matthew's strategy vis-a-vis extreme sectarian impulses from within his community; Investigating the presuppositional realm of biblical-theological methodology, part II: Canale on reason; Divided by visions of the truth: the bible, epistemology, and the adventist community; A critical evalutation of John Hick's religious pluralism in light of his eschatological model; aAnnual, 1963-64; 2 no. a year, 1965-. "Journal of the Seventh-day Adventist Theological Seminary." 0aTheologyvPeriodicals.936648 0aTheological seminariesxPeriodicals.936649 aJohn W. Reeve and Jerry A. MooneEditors936650 a7bcbccserialsduencipf19gn-oclcserc aSpring 1995 (surrogate) LIC 2lcccPERhBR1i.A53a 2009 c10234d10234 00102lcc4070aAUA.1bAUA.1cPERd2013-05-28l0oBR1 .A53a 2009r2013-05-28 00:00:00w2013-05-28yPER